| 000 | 00479nam a2200181Ia 4500 | ||
|---|---|---|---|
| 003 | SISC | ||
| 005 | 20180912134224.0 | ||
| 008 | 180905s9999 xx 000 0 und d | ||
| 020 | _a9780545261630 | ||
| 050 | _aPZ 7 .L39 2008 | ||
| 100 | _aLaw, Ingrid | ||
| 245 |
_cIngrid Law _aSavvy/ |
||
| 260 |
_aNY : _bScholastic Inc., _c2008 |
||
| 300 |
_a342 pages : _billustrated ; _c19 cm. |
||
| 650 | _amagic -- fiction | ||
| 650 | _aVoyages and travel -- fiction | ||
| 942 |
_2lcc _cBK |
||
| 999 |
_c358536 _d358536 |
||